|
|
|
|
| LEADER |
00000nam a22000004a 4500 |
| 001 |
AR-BbUGT1338 |
| 003 |
AR-BbUGT |
| 005 |
20181220001535.0 |
| 007 |
ta |
| 008 |
061101t1968 |||ad |0|||0| d |
| 040 |
|
|
|a AR-BbUGT
|b spa
|c AR-BbUGT
|
| 082 |
0 |
4 |
|a 301
|
| 100 |
1 |
|
|a Hofstadter, Richard.
|
| 245 |
1 |
0 |
|a Turner and the sociology of the frontier /
|c Richard Hofstadter ; Seymour Lipset.
|
| 260 |
|
|
|a New York :
|b Basic Books,
|c 1968.
|
| 300 |
|
|
|a 232 p. :
|b il., tablas
|
| 653 |
|
|
|a Sociología
|
| 700 |
1 |
|
|a Lipset, Seymour.
|
| 942 |
|
|
|c BK
|h 301
|i H677-1
|m D
|2 ddc
|6 301_000000000000000_H6771
|
| 999 |
|
|
|c 9166
|d 9166
|